Drapeaux constitués de 2 couleurs - Statistiques

Statistiques générales
  • Ce quiz a été pris 23 fois
  • Le résultat moyen est 22 sur 36
Statistiques - réponses
Réponses % Correct
Monaco
95%
Suède
95%
Chine
90%
Japon
90%
Danemark
85%
Finlande
85%
Pologne
85%
Tunisie
85%
Turquie
85%
Autriche
75%
Canada
75%
Indonésie
75%
Maroc
75%
Suisse
75%
Albanie
70%
Qatar
70%
Grèce
65%
Ukraine
65%
Bahreïn
60%
Bangladesh
60%
Vietnam
60%
Israël
55%
Lettonie
55%
Palaos
55%
Somalie
50%
Géorgie
45%
Honduras
45%
Singapour
45%
Arabie saoudite
40%
Nigeria
40%
Pakistan
40%
Macédoine du Nord
35%
Kazakhstan
30%
Micronésie
25%
Tonga
25%
Kirghizistan
20%
Aucun quiz correspondant
Distribution des résultats
% des personnes avec chaque résultat
Percentile par nombre de réponses
Votre historique - résultats
Vous n’avez pas pris ce quiz